000
00461nam a2200169Ia 4500
008
090711s9999 xx 000 0 und d
082
_b
44243
100
_a
राजवाडे राजा
245
_a
हातकडया
260
_c
1981
300
_a
152
600
_a
राजवाडे राजा
630
_a
हातकडया
700
_a
राजवाडे राजा
730
_a
हातकडया
942
_c
BOOK
999
_c
296578
_d
296578